Sociologie pro novináře

Guardado en:
Detalles Bibliográficos
Autor principal: Filipec, J.
Formato: Libro
Lenguaje:checo
Publicado: Praha Novinář 1987
Edición:1. vyd.
Colección:Knihovnička novináře Sv.41
Etiquetas: Agregar Etiqueta
Sin Etiquetas, Sea el primero en etiquetar este registro!

MARC

LEADER 00000nam a2200000 4500
001 c028484
005 20221219103418.0
041 0 |a cze 
044 |a CZ 
245 1 0 |a Sociologie pro novináře  |c J. Filipec a kol. 
250 |a 1. vyd. 
264 1 |a Praha  |b Novinář  |c 1987 
300 |a 166 s. 
490 1 |a Knihovnička novináře  |v Sv.41 
830 0 |a Knihovnička novináře  |v Sv.41 
100 1 |a Filipec, J.